000 00416nam a2200169Ia 4500
008 090711s9999 xx 000 0 und d
082 _b50941
100 _aकाकडे द. स.
245 _aछबिना
260 _c1985
300 _a303
600 _aकाकडे द. स.
630 _aछबिना
700 _aकाकडे द. स.
730 _aछबिना
942 _cBOOK
999 _c301485
_d301485